Reorientació estratègica en empreses tèxtil - moda : recull de bones pràctiques / [coordinació: Servei de Teixit Productiu] recull de bones pràctiques / [coordinació:
Publicado:
Barcelona :
Diputació de Barcelona. Àrea de Desenvolupament Econòmic. Servei de Teixit Productiu ,
2009
Descripción Física:
159 p. : il. col. ; 29 cm
MARC
| LEADER | 00000nam a2200000Ia 4500 | ||
|---|---|---|---|
| 001 | 22650 | ||
| 008 | 160829s2009 xx 000 0 cat d | ||
| 080 | |a M-6-351 | ||
| 245 | |a Reorientació estratègica en empreses tèxtil - moda : |b recull de bones pràctiques / [coordinació: |b Servei de Teixit Productiu] | ||
| 260 | |a Barcelona : |b Diputació de Barcelona. Àrea de Desenvolupament Econòmic. Servei de Teixit Productiu, |c 2009 | ||
| 300 | |a 159 p. : |b il. col. ; |c 29 cm | ||
| 590 | |a Pertany al projecte ACTE (Associació de Col·lectivitats Tèxtils Europees). | ||
| 590 | |a A la coberta: Recull de bones pràctiques de Reorientació estratègica en empreses Tèxtil-Moda | ||
| 650 | |a Indústria tèxtil |x Catalunya |9 44942 | ||
| 650 | |a Fàbriques de teicits |x Catalunya |9 44943 | ||
| 710 | |a Barcelona (Catalunya : Província). |b Servei de Teixit Productiu |e entitat coordinadora |9 53474 | ||
| 901 | |a Arxiu | ||
| 942 | |n 1 |2 udc | ||
| 952 | |0 0 |1 0 |4 0 |6 M6351 |7 1 |9 52264 |a Arxiu |b Arxiu |d 2016-12-01 |l 0 |o M-6-351 |p 22650 |r 2016-12-01 00:00:00 |w 2016-12-01 |y ARXIU | ||
| 999 | |c 56112 |d 56112 | ||